Quick Pick: Bridge Terminology Quiz Stats

 Plays Quiz Updated Jun 17, 2018

Score 0/7 Timer 01:00
1 Play Today
% Correct
Deuce
84.5%
Post Mortem
79.7%
Claim
68.6%
Doubleton
67.7%
Contract
61.9%
Finesse
61.6%
Vulnerable
40.2%

Today's Daily Dose

Missing Word
Video Games (A-Z)

Get the Picture
Tom Hanks

You're not logged in!

Compare scores with friends on all Sporcle quizzes.
OR
Log In

Sporcle TV

Today on Sporcle TV


Watch our educational content, quiz creation guides, and fun videos on Sporcle TV.

Show Comments

Extras

Top Quizzes Today


Score Distribution

Your Account Isn't Verified!

In order to create a playlist on Sporcle, you need to verify the email address you used during registration. Go to your Sporcle Settings to finish the process.

Report this User

Report this user for behavior that violates our Community Guidelines.

Details: